<?xml version="1.0" encoding="UTF-8"?>
<record
    xmlns:xsi="http://www.w3.org/2001/XMLSchema-instance"
    xsi:schemaLocation="http://www.loc.gov/MARC21/slim http://www.loc.gov/standards/marcxml/schema/MARC21slim.xsd"
    xmlns="http://www.loc.gov/MARC21/slim">

  <leader>01051nam a2200265 a 4500</leader>
  <controlfield tag="005">20191224041548.0</controlfield>
  <controlfield tag="008">140224b1996    ck ||||| |||| 00| 0 spa d</controlfield>
  <datafield tag="040" ind1=" " ind2=" ">
    <subfield code="a">CO-BoIAVH</subfield>
    <subfield code="c">CO-BoIAVH</subfield>
  </datafield>
  <datafield tag="041" ind1=" " ind2=" ">
    <subfield code="a">spa</subfield>
  </datafield>
  <datafield tag="044" ind1=" " ind2=" ">
    <subfield code="a">ck</subfield>
  </datafield>
  <datafield tag="090" ind1=" " ind2=" ">
    <subfield code="a">LB</subfield>
    <subfield code="b">00920</subfield>
  </datafield>
  <datafield tag="100" ind1=" " ind2=" ">
    <subfield code="a">Usma Oviedo, Martha Cecilia</subfield>
    <subfield code="9">9991</subfield>
  </datafield>
  <datafield tag="245" ind1=" " ind2=" ">
    <subfield code="a">Proyecto: materias primas naturales utilizadas en la elaboraci&#xF3;n de artesan&#xED;as por las comunidades ind&#xED;genas Waunan del bajo r&#xED;o San Juan (Choc&#xF3; y Valle del Cauca)</subfield>
    <subfield code="b">Especial referencia a la bIol&#xF3;gia y fenologia de la Palma weguerr (astrocaryum standleyanum)</subfield>
  </datafield>
  <datafield tag="260" ind1=" " ind2=" ">
    <subfield code="a">Cali</subfield>
    <subfield code="b">Artesan&#xED;as de Colombia</subfield>
    <subfield code="b">Fundaci&#xF3;n FES</subfield>
    <subfield code="b">Comunidad Ind&#xED;gena</subfield>
    <subfield code="c">1995</subfield>
  </datafield>
  <datafield tag="300" ind1=" " ind2=" ">
    <subfield code="a">86 p.</subfield>
  </datafield>
  <datafield tag="650" ind1=" " ind2=" ">
    <subfield code="a">Comunidad Wounaan</subfield>
    <subfield code="9">9992</subfield>
  </datafield>
  <datafield tag="650" ind1=" " ind2=" ">
    <subfield code="a">Artesan&#xED;as</subfield>
    <subfield code="9">44522</subfield>
  </datafield>
  <datafield tag="650" ind1=" " ind2=" ">
    <subfield code="a">Etnobot&#xE1;nica</subfield>
    <subfield code="9">44523</subfield>
  </datafield>
  <datafield tag="650" ind1=" " ind2=" ">
    <subfield code="a">Bot&#xE1;nica econ&#xF3;mica</subfield>
    <subfield code="9">2714</subfield>
  </datafield>
  <datafield tag="650" ind1=" " ind2=" ">
    <subfield code="a">Ecolog&#xED;a de poblaciones</subfield>
    <subfield code="9">3557</subfield>
  </datafield>
  <datafield tag="650" ind1=" " ind2=" ">
    <subfield code="a">Fenolog&#xED;a</subfield>
    <subfield code="9">44525</subfield>
  </datafield>
  <datafield tag="650" ind1=" " ind2=" ">
    <subfield code="a">Manejo de biodiversidad</subfield>
    <subfield code="9">2614</subfield>
  </datafield>
  <datafield tag="662" ind1=" " ind2=" ">
    <subfield code="a">Colombia</subfield>
    <subfield code="c">R&#xED;o San Juan</subfield>
    <subfield code="b">Choc&#xF3; y Valle del Cauca</subfield>
  </datafield>
  <datafield tag="942" ind1=" " ind2=" ">
    <subfield code="c">INFORME</subfield>
    <subfield code="2">z</subfield>
  </datafield>
  <datafield tag="999" ind1=" " ind2=" ">
    <subfield code="c">932</subfield>
    <subfield code="d">932</subfield>
  </datafield>
  <datafield tag="952" ind1=" " ind2=" ">
    <subfield code="0">0</subfield>
    <subfield code="1">0</subfield>
    <subfield code="2">z</subfield>
    <subfield code="4">0</subfield>
    <subfield code="7">0</subfield>
    <subfield code="8">GENERAL</subfield>
    <subfield code="I">INV2017</subfield>
    <subfield code="a">Bogota</subfield>
    <subfield code="b">Bogota</subfield>
    <subfield code="d">1999-01-13</subfield>
    <subfield code="l">0</subfield>
    <subfield code="o">LB-00920</subfield>
    <subfield code="p">001291</subfield>
    <subfield code="r">2012-12-04 00:00:00</subfield>
    <subfield code="t">Ej. 1</subfield>
    <subfield code="w">2012-12-04</subfield>
    <subfield code="x">Donaci&#xF3;n</subfield>
    <subfield code="y">INFORME</subfield>
  </datafield>
</record>
